00333nam a2200133Ia 4500008004100000082001300041100002200054245004000076250000800116260002500124300001100149500002400160650001500184230524s9999 xx 000 0 und d a612bMUK aKanai L.Mukherjee 0aMedical Laboratory Technology Vol-I a1ST aNEW DELHIbTMHc2004 aXI;474 aQuantity Number: 1 aBiomedical